[Event "Kimry-ch"]
[Site "Kimry"]
[Date "2008.01.08"]
[Round "8"]
[White "Doronine, Vladimir"]
[Black "Danilov, Alexandr"]
[Result "1-0"]
[WhiteElo "1930"]
[BlackElo "2308"]
[PlyCount "77"]
[EventDate "2008.01.02"]
[EventType "swiss"]
[EventRounds "9"]
[EventCountry "RUS"]
[SourceTitle "CBM 122 Extra"]
[Source "ChessBase"]
[SourceDate "2008.03.04"]
[SourceVersion "1"]
[SourceVersionDate "2008.03.04"]
[SourceQuality "1"]

1. e4 e5 2. Nf3 Nc6 3. g3 Bc5 4. Bg2 d6 5. 0-0 f5 6. exf5 Bxf5 7. d3 Qd7 8. Nc3 0-0-0 9. Re1 a6 10. Be3 Ba7 11. Bxa7 Nxa7 12. a4 Kb8 13. b4 Ne7 14. Qd2 h6 15. Reb1 g5 16. b5 a5 17. b6 cxb6 18. Rxb6 Rh7 19. Rab1 Nac6 20. Ne1 d5 21. Rxb7+ Qxb7 22. Rxb7+ Kxb7 23. Qc1 Kc7 24. Qa3 Rd7 25. Nb5+ Kd8 26. Qc5 e4 27. Nd6 Bg6 28. Qb6+ Rc7 29. Nb5 Nc8 30. Qc5 N8e7 31. Nxc7 Kxc7 32. dxe4 dxe4 33. Qc4 Rg7 34. Bxe4 Bf7 35. Qc3 Rg8 36. Nd3 Be8 37. Ne5 Rf8 38. Nxc6 Nxc6 39. Bxc6 1-0

[Event "Kimry-ch"]
[Site "Kimry"]
[Date "2008.01.04"]
[Round "4"]
[White "Chernyaev, Vladimir"]
[Black "Danilov, Alexandr"]
[Result "0-1"]
[WhiteElo "1893"]
[BlackElo "2308"]
[PlyCount "116"]
[EventDate "2008.01.02"]
[EventType "swiss"]
[EventRounds "9"]
[EventCountry "RUS"]
[SourceTitle "CBM 122 Extra"]
[Source "ChessBase"]
[SourceDate "2008.03.04"]
[SourceVersion "1"]
[SourceVersionDate "2008.03.04"]
[SourceQuality "1"]

1. c4 g6 2. Nc3 Bg7 3. d4 Nf6 4. e4 0-0 5. Nf3 d6 6. Be2 Ne8 7. Be3 f5 8. Qd2 Nf6 9. Ng5 e5 10. 0-0-0 f4 11. dxe5 fxe3 12. fxe3 Ng4 13. Qd5+ Kh8 14. Nf7+ Rxf7 15. Qxf7 Nxe5 16. Qf4 Bd7 17. Rhf1 Na6 18. h4 Nc5 19. h5 Ne6 20. Qh2 Qg5 21. Nd5 Ng4 22. Bxg4 Qxg4 23. h6 Be5 24. Nf4 Nc5 25. Rf3 Nxe4 26. Rdf1 Kg8 27. Nd5 Qxf3 28. Ne7+ Kh8 29. Qxe5+ dxe5 30. Rxf3 Nd6 31. c5 Nf5 32. Nxf5 Bxf5 33. Kd2 Rd8+ 34. Ke1 Kg8 35. Rf2 Bg4 36. Rc2 Bf5 37. Rf2 Bd3 38. Rf6 Bf5 39. Ke2 Bd3+ 40. Ke1 Bf5 41. Ke2 a5 42. a3 Re8 43. Kf3 Rd8 44. g4 Bc2 45. g5 Rf8 46. Kg4 a4 47. Kh4 Bf5 48. e4 Bxe4 49. Re6 Rf4+ 50. Kg3 Rf3+ 51. Kg4 Bf5+ 52. Kxf3 Bxe6 53. Ke4 Kf7 54. Kxe5 Ke7 55. Kd4 Bb3 56. Ke5 Ba2 57. Ke4 Ke6 58. Kf4 Bb1 0-1

[Event "Kimry op"]
[Site "Kimry"]
[Date "2004.08.03"]
[Round "2"]
[White "Danilov, Alexandr"]
[Black "Shidlovski, Yuri"]
[Result "0-1"]
[WhiteElo "2329"]
[BlackElo "2052"]
[PlyCount "114"]
[EventDate "2004.08.02"]
[EventType "swiss"]
[EventRounds "4"]
[EventCountry "RUS"]
[SourceTitle "EXT 2006"]
[Source "ChessBase"]
[SourceDate "2005.11.24"]
[SourceVersion "1"]
[SourceVersionDate "2005.11.24"]
[SourceQuality "1"]

1. e4 c5 2. Nf3 e6 3. d4 cxd4 4. Nxd4 a6 5. a4 Qc7 6. Nc3 Nc6 7. Be3 Nf6 8. Be2 Bb4 9. Bf3 Ne5 10. Bd2 Nc4 11. Rb1 Nxb2 12. Ndb5 axb5 13. Nxb5 Bxd2+ 14. Qxd2 Qc5 15. Rxb2 Rxa4 16. 0-0 0-0 17. Re1 b6 18. e5 Ne8 19. Nd6 Rd4 20. Qe3 Nxd6 21. exd6 Rxd6 22. Reb1 Qxe3 23. fxe3 Ba6 24. Rxb6 Rxb6 25. Rxb6 Bc4 26. Rd6 Bb5 27. Kf2 f6 28. Ke1 Rc8 29. Kd2 Kf7 30. c3 Ke7 31. Rb6 Bc6 32. Kd3 g6 33. h4 h6 34. e4 f5 35. e5 f4 36. Bxc6 Rxc6 37. Rb8 Rc5 38. Kd4 Rd5+ 39. Ke4 Rd2 40. Rh8 h5 41. Kxf4 Rxg2 42. Rh7+ Kd8 43. Rg7 Kc7 44. Rg8 Rg4+ 45. Kf3 Kc6 46. Rg7 Rxh4 47. Rxg6 Rh3+ 48. Ke4 Rxc3 49. Rg2 h4 50. Rd2 h3 51. Kf4 Rc4+ 52. Kf3 Rh4 53. Rh2 Kd5 54. Kg3 Rh7 55. Kf4 Rf7+ 56. Ke3 Kxe5 57. Rxh3 d5 0-1

[Event "Kimry"]
[Site "Kimry"]
[Date "2004.05.09"]
[Round "9"]
[White "Danilov, Alexandr"]
[Black "Makhnev, Vladimir"]
[Result "0-1"]
[WhiteElo "2329"]
[BlackElo "2267"]
[PlyCount "68"]
[EventDate "2004.05.??"]
[EventType "tourn"]
[EventRounds "11"]
[EventCountry "RUS"]
[SourceTitle "EXT 2005"]
[Source "ChessBase"]
[SourceDate "2004.11.15"]
[SourceVersion "1"]
[SourceVersionDate "2004.11.15"]
[SourceQuality "1"]

1. e4 c5 2. Nf3 e6 3. d4 cxd4 4. Nxd4 a6 5. a4 Bc5 6. Nb3 Ba7 7. Bd3 Nc6 8. Qe2 Qc7 9. Bd2 Nf6 10. Nc3 0-0 11. f4 d6 12. g4 e5 13. g5 Ng4 14. f5 Nf2 15. Nd5 Qd8 16. Rf1 Nxd3+ 17. Qxd3 Ne7 18. Nxe7+ Qxe7 19. f6 Qe6 20. fxg7 Rd8 21. Rf6 Qg4 22. Rh6 d5 23. h3 Qg1+ 24. Qf1 Qxf1+ 25. Kxf1 dxe4 26. Ke2 Be6 27. Rxe6 fxe6 28. Na5 Rac8 29. c3 Rd5 30. Nb3 Kxg7 31. h4 Rf8 32. h5 Rf2+ 33. Ke1 e3 34. Rd1 Rh2 0-1

[Event "Petrov Memorial op"]
[Site "St Petersburg"]
[Date "2002.02.19"]
[Round "8"]
[White "Gerasimov, Yuri"]
[Black "Danilov, Alexandr"]
[Result "1-0"]
[WhiteElo "2159"]
[BlackElo "2329"]
[PlyCount "31"]
[EventDate "2002.02.12"]
[EventType "swiss"]
[EventRounds "9"]
[EventCountry "RUS"]
[SourceTitle "CBM 086 Extra"]
[Source "ChessBase"]
[SourceDate "2002.03.14"]
[SourceVersion "1"]
[SourceVersionDate "2002.03.14"]
[SourceQuality "1"]

1. d4 Nf6 2. c4 e6 3. Nf3 b6 4. g3 Bb7 5. Bg2 Be7 6. 0-0 0-0 7. Nc3 Ne4 8. Qd3 f5 9. Nd2 Nd6 10. c5 Bxg2 11. cxd6 Bxf1 12. dxe7 Qxe7 13. Nxf1 d5 14. Bf4 c5 15. dxc5 bxc5 16. Nxd5 1-0

[Event "Petrov Memorial op"]
[Site "St Petersburg"]
[Date "2002.02.12"]
[Round "1"]
[White "Danilov, Alexandr"]
[Black "Isajevsky, Anton"]
[Result "0-1"]
[WhiteElo "2329"]
[BlackElo "2368"]
[PlyCount "70"]
[EventDate "2002.02.12"]
[EventType "swiss"]
[EventRounds "9"]
[EventCountry "RUS"]
[SourceTitle "CBM 086 Extra"]
[Source "ChessBase"]
[SourceDate "2002.03.14"]
[SourceVersion "1"]
[SourceVersionDate "2002.03.14"]
[SourceQuality "1"]

1. c4 c5 2. g3 Nc6 3. Bg2 g6 4. Nc3 Bg7 5. e4 Nf6 6. Nge2 0-0 7. 0-0 d6 8. d3 Rb8 9. h3 a6 10. Be3 Ne8 11. Qd2 b5 12. Rad1 Nd4 13. Kh2 Nc7 14. b3 a5 15. Nd5 Nxe2 16. Qxe2 bxc4 17. dxc4 a4 18. Rb1 Nxd5 19. exd5 Bf5 20. Bg5 Bxb1 21. Rxb1 Bf6 22. h4 Re8 23. Be4 axb3 24. axb3 Qa5 25. Bf4 Qc7 26. h5 Ra8 27. Rh1 Ra1 28. Bb1 Qd7 29. Kg2 e5 30. Bd2 e4 31. hxg6 hxg6 32. Bxe4 Rxh1 33. Kxh1 Bd4 34. Qf3 Bxf2 35. Qxf2 Rxe4 0-1